Theory and applications of long-range dependence

Αποθηκεύτηκε σε:
Λεπτομέρειες βιβλιογραφικής εγγραφής
Άλλοι συγγραφείς: Doukhan, Paul (Επιμελητής έκδοσης), Oppenheim, Georges (Επιμελητής έκδοσης), Taqqu, Murad S. (Επιμελητής έκδοσης)
Μορφή: Βιβλίο
Γλώσσα:English
Δημοσίευση: Boston : Birkhauser, c2003
Θέματα:
Ετικέτες: Προσθήκη ετικέτας
Δεν υπάρχουν, Καταχωρήστε ετικέτα πρώτοι!

MARC

LEADER 00000cam a2200000 i 4500
001 1/53885
008 070904s2003 eng d
020 |a 3-7643-4168-8 
020 |a 0-8176-4168-8 
035 |l 10090412 
040 |a GR-MY-UA  |b gre  |e aacr 
041 0 |a eng 
082 0 |a 519.55  |2 (22) 
245 1 0 |a Theory and applications of long-range dependence /  |c Paul Doukhan, George Oppenheim, and Murad Taqqu, editors 
260 |a Boston :   |b Birkhauser,   |c c2003 
300 |a x, 719 σ.;  |b εικ.;  |c 26 εκ. 
504 |a Περιλαμβάνει βιβλιογραφικές παραπομπές 
650 0 0 |a Time-series analysis. 
650 0 0 |a Brownian motion processes. 
700 1 |a Doukhan, Paul,  |e edt 
700 1 |a Oppenheim, Georges,  |e edt 
700 1 |a Taqqu, Murad S.  |e edt 
852 |a INST  |b SAMOS  |e 20070904  |h 519.55 THE  |p 005300028323  |q 005300028323  |t BK  |y 0 
901 |a BIBL3-2007-2 
909 |a Σ  |b 138218 
922 |a 3ΕΛΗ  |b 200707  |c ΕΠΕΑΕΚ2/ΤΣΑΕ  |d ΠΑΠΑΣΩΤΗΡΙΟΥ 
970 |a ΡΟΥΣΣΟΥ  |b ΚΩΝΣΤΑΝΤΙΝΑ  |z 2007/09/04